000 00837cam a2200241 a 4500
001 000009831
005 20200929161725.0
008 891011s1984 sp 000 0 spa
020 _z8427606817
040 _aDO-SdBNP
_cDLC
_dDLC
082 _aA861.3
_bE18r
100 1 _aEcheverria, Esteban,
_d1805-1851.
_924745
240 1 0 _aPoems.
_kSelections
245 1 0 _aRimas /
_cEsteban Echeverria ; edición, Antonio Lorente Medina.
260 _aMadrid :
_bNacional,
_c1984.
300 _a189 p. ;
_c18 cm.
490 1 _aBiblioteca de la Literatura y el Pensamiento Hispanicos
_v63
650 4 _aPoesía argentina
_93859
650 4 _aLiteratura argentina
_93860
700 1 _aLorente Medina, Antonio,
_eed.
_924746
830 0 _aBiblioteca de la Literatura y el Pensamiento Hispanicos ;
_v63
_922407
910 _aCatalogación por copia / LC
999 _c9590
_d9590